000 00708nam a2200229 i 4500
001 188528
003 ES-MaACL
005 20250829040750.0
007 t|
008 181213s1958 sp ||||1| spa d
100 0 _aLópez Alonso, Alfredo.
_973387
245 1 0 _aGoya en el Museo del Prado /
_c[biografía y notas por A.L.A.].
260 _aMadrid :
_bAffo,
_c[1958]
300 _a98 p.,11 lám., 1 lám. col. ;
_c17 cm.
490 1 _aColección Grandes Pintores
546 _aTexto en español, francés e inglés.
600 1 4 _aGoya, Francisco de,
_d1746-1828
_9240353
830 0 0 _aColección grandes pintores
_9182117
852 _aES-MaACL
_jP-146-3
942 _2udc
999 _c188528
_d188528